Devinez la Capitale Mystère #131 - Statistiques

Statistiques générales
  • Ce quiz a été pris 106 fois
  • Le résultat moyen est 28 sur 34
Statistiques - réponses
Type de Réponse Réponse % Correct
Lettre Bien Placée A
99%
Lettre Trouvée A
99%
Lettre de l'Alphabet E
99%
Lettre de l'Alphabet L
99%
Lettre Trouvée N
99%
Lettre de l'Alphabet R
99%
Lettre de l'Alphabet S
99%
Lettre de l'Alphabet I
98%
Lettre de l'Alphabet O
96%
Lettre de l'Alphabet D
95%
Lettre Trouvée M
95%
Lettre de l'Alphabet P
94%
Lettre de l'Alphabet B
91%
Lettre Bien Placée N
91%
Lettre Trouvée U
89%
Lettre Bien Placée M
88%
Lettre de l'Alphabet T
88%
Lettre de l'Alphabet H
86%
Lettre Trouvée G
85%
Lettre Bien Placée A
84%
Lettre de l'Alphabet K
84%
Lettre de l'Alphabet C
77%
Lettre de l'Alphabet W
77%
Lettre de l'Alphabet V
75%
Lettre de l'Alphabet Y
75%
Lettre de l'Alphabet X
69%
Lettre Bien Placée A
67%
Lettre de l'Alphabet J
67%
Lettre Bien Placée U
67%
Lettre de l'Alphabet Z
67%
Lettre de l'Alphabet F
64%
Lettre de l'Alphabet Q
64%
Lettre Bien Placée G
62%
Capitale Mystère Managua
62%
Aucun quiz correspondant
Distribution des résultats
% des personnes avec chaque résultat
Percentile par nombre de réponses
Votre historique - résultats
Vous n’avez pas pris ce quiz